<?xml version="1.0" encoding="UTF-8"?><?xml-stylesheet type="text/xsl" href="static/style.xsl"?><OAI-PMH xmlns="http://www.openarchives.org/OAI/2.0/" xmlns:xsi="http://www.w3.org/2001/XMLSchema-instance" xsi:schemaLocation="http://www.openarchives.org/OAI/2.0/ http://www.openarchives.org/OAI/2.0/OAI-PMH.xsd"><responseDate>2026-04-17T04:15:34Z</responseDate><request verb="GetRecord" identifier="oai:www.recercat.cat:2117/336629" metadataPrefix="marc">https://recercat.cat/oai/request</request><GetRecord><record><header><identifier>oai:recercat.cat:2117/336629</identifier><datestamp>2026-01-21T02:35:01Z</datestamp><setSpec>com_2072_1033</setSpec><setSpec>col_2072_452949</setSpec></header><metadata><record xmlns="http://www.loc.gov/MARC21/slim" xmlns:dcterms="http://purl.org/dc/terms/" xmlns:xsi="http://www.w3.org/2001/XMLSchema-instance" xmlns:doc="http://www.lyncode.com/xoai" xsi:schemaLocation="http://www.loc.gov/MARC21/slim http://www.loc.gov/standards/marcxml/schema/MARC21slim.xsd">
   <leader>00925njm 22002777a 4500</leader>
   <datafield ind2=" " ind1=" " tag="042">
      <subfield code="a">dc</subfield>
   </datafield>
   <datafield ind2=" " ind1=" " tag="720">
      <subfield code="a">Caldas, Nuno Castro</subfield>
      <subfield code="e">author</subfield>
   </datafield>
   <datafield ind2=" " ind1=" " tag="260">
      <subfield code="c">2020-06</subfield>
   </datafield>
   <datafield ind2=" " ind1=" " tag="520">
      <subfield code="a">Considerando o panorama actual de Lisboa e o problema do turismo de massas, pretendeu-se com esta investigação: a) analisar as condições criadas nas últimas três décadas para transformar Lisboa num destino tão apetecível ao turismo, mas também tão vulnerável aos efeitos da sua massificação; b) discutir as repercussões verificadas no mercado imobiliário e na reorganização do tecido social; c) discutir soluções possíveis de reequilíbrio social, urbano e financeiro. Analisaram-se as políticas adoptadas que contribuíram para esta transformação, o seu enquadramento e as questões suscitadas por esta mudança: a mercantilização do espaço edificado, os efeitos no aumento das rendas e do custo de vida em geral, a transformação dos bairros consolidados do centro histórico. Atravésdesta análise e de um olhar sobre pressões semelhantes a que Barcelona foi sujeita, pretendeu-se perceber como se pode encontrar em Lisboa um equilíbrio saudável entre visitantes e visitados.</subfield>
   </datafield>
   <datafield ind2=" " ind1=" " tag="520">
      <subfield code="a">Considering Lisbon’s current panorama and the problem of mass tourism, the aim of this investigation was: a) analyse the conditions created in the last three decades to transform Lisbon into such a desirable destination for tourism, but also so vulnerable to the effects of its massification; b) discuss the implications verified in thereal estate market and the reorganisation of the social fabric; c) discuss possible solutions for social, urban and financial rebalance. The policies that contributed to this transformation were analysed, as well as their framework and theproblems raised by this change: the commodification of housing, the increase in rent prices and cost of living, the transformation of consolidated neighbourhoods in the historic centre. Through this analysis and a look at similar pressures to which Barcelona was subjected, it was sought how to find a suitable balance between those who visit and those who are visited.</subfield>
   </datafield>
   <datafield ind2=" " ind1=" " tag="520">
      <subfield code="a">Peer Reviewed</subfield>
   </datafield>
   <datafield tag="653" ind2=" " ind1=" ">
      <subfield code="a">Àrees temàtiques de la UPC::Urbanisme</subfield>
   </datafield>
   <datafield tag="653" ind2=" " ind1=" ">
      <subfield code="a">Tourist trade and city planning -- Spain -- Barcelona</subfield>
   </datafield>
   <datafield tag="653" ind2=" " ind1=" ">
      <subfield code="a">Tourist trade and city planning -- Portugal -- Lisbon</subfield>
   </datafield>
   <datafield tag="653" ind2=" " ind1=" ">
      <subfield code="a">Lisboa</subfield>
   </datafield>
   <datafield tag="653" ind2=" " ind1=" ">
      <subfield code="a">Turismo</subfield>
   </datafield>
   <datafield tag="653" ind2=" " ind1=" ">
      <subfield code="a">Palimpsesto</subfield>
   </datafield>
   <datafield tag="653" ind2=" " ind1=" ">
      <subfield code="a">Lisbon</subfield>
   </datafield>
   <datafield tag="653" ind2=" " ind1=" ">
      <subfield code="a">Tourism</subfield>
   </datafield>
   <datafield tag="653" ind2=" " ind1=" ">
      <subfield code="a">Palimpsest</subfield>
   </datafield>
   <datafield tag="653" ind2=" " ind1=" ">
      <subfield code="a">Turisme i urbanisme -- Catalunya -- Barcelona</subfield>
   </datafield>
   <datafield tag="653" ind2=" " ind1=" ">
      <subfield code="a">Turisme i urbanisme -- Lisboa -- Portugal</subfield>
   </datafield>
   <datafield ind2="0" ind1="0" tag="245">
      <subfield code="a">Lisboa palimpséstica: massificação do turismo e as lições de Barcelona</subfield>
   </datafield>
   <datafield ind2="0" ind1="0" tag="245">
      <subfield code="a">Lisbon as palimpsest: tourism massification and the lessons from Barcelona</subfield>
   </datafield>
</record></metadata></record></GetRecord></OAI-PMH>